000 00661nac a22001931u 4500
020 _a8120323610
082 0 0 _a621.319/2
_bB4331
090 _c97
_d97
100 _aBell, David A.,
245 1 0 _aElectric circuits
_cDavid A. Bell.
250 _a6th ed.
260 _aNew Delhi
_bPrentice Hall of India
_c2003
300 _a867 p. :
_bill. ;
_c28 cm.
500 _aIncludes index.
650 0 _aElectric circuits.
650 0 _aElectric circuit analysis
_xData processing.
942 _cBB
_k621.3192B4331
999 _c97
_d97